000 00298nam a22001337a 4500
008 181016b xxu||||| |||| 00| 0 eng d
020 _a9780443066030
041 _aeng
080 _a616.8
100 _a7
101 _aNEI
245 _aFundamentals Neuroscience
_cHaines.E.H
942 _2udc
_cBK
999 _c49833
_d49833